THE PORTRAIT OF A CRACK (Record no. 101005)

MARC details
000 -LEADER
fixed length control field 00436nam a2200181Ia 4500
008 - FIXED-LENGTH DATA ELEMENTS--GENERAL INFORMATION
fixed length control field 090124s9999 xx 000 0 und d
082 ## - DEWEY DECIMAL CLASSIFICATION NUMBER
Item number 35055
100 ## - MAIN ENTRY--PERSONAL NAME
Personal name FINKEL V.
245 ## - TITLE STATEMENT
Title THE PORTRAIT OF A CRACK
250 ## - EDITION STATEMENT
Edition statement 1
260 ## - PUBLICATION, DISTRIBUTION, ETC. (IMPRINT)
Name of publisher, distributor, etc MIR PUBLISHERS MOSCOW
Date of publication, distribution, etc 1985
300 ## - PHYSICAL DESCRIPTION
Extent 165
600 ## - SUBJECT ADDED ENTRY--PERSONAL NAME
Personal name FINKEL V.
630 ## - SUBJECT ADDED ENTRY--UNIFORM TITLE
Uniform title THE PORTRAIT OF A CRACK
700 ## - ADDED ENTRY--PERSONAL NAME
Personal name FINKEL V.
730 ## - ADDED ENTRY--UNIFORM TITLE
Uniform title THE PORTRAIT OF A CRACK
942 ## - ADDED ENTRY ELEMENTS (KOHA)
Koha item type Book
Holdings
Withdrawn status Lost status Damaged status Not for loan Home library Current library Date acquired Cost, normal purchase price Total Checkouts Full call number Barcode Date last seen Cost, replacement price Price effective from Koha item type
        Nagar Wachan Mandir, Thane Nagar Wachan Mandir, Thane   0.00   35055 THNNWM-35055 01/24/2009 0.00 01/24/2009 Book